00558nam a2200205Ia 4500003000400000005001700004008004100021020001500062040001800077041000800095082002100103100002000124245003500144250001200179260005400191300002500245650003100270650002800301650002300329OSt20240626114510.0210716s1974 xx 000 0 und d a0520026233 cAIMIT LIBRARY aeng a374.22 21bRICE aRice, Edward E. aMao's way :cBy Edward E Rice. a1st ed. aLondon :bUniversity of california press ,c1974. a613p. ;bPBc23.2 cm aUnited front and civil war 2The red guard rebellion aThe shanghai storm